Managerial Economics (Record no. 12820)

MARC details
000 -LEADER
fixed length control field 00423nam a22001697a 4500
003 - CONTROL NUMBER IDENTIFIER
control field OSt
008 - FIXED-LENGTH DATA ELEMENTS--GENERAL INFORMATION
fixed length control field 240805b |||||||| |||| 00| 0 eng d
020 ## - INTERNATIONAL STANDARD BOOK NUMBER
International Standard Book Number 9780071067867
082 ## - DEWEY DECIMAL CLASSIFICATION NUMBER
Classification number 658.1 GUM
100 ## - MAIN ENTRY--PERSONAL NAME
Personal name GUPTA, GS
245 ## - TITLE STATEMENT
Title Managerial Economics
250 ## - EDITION STATEMENT
Edition statement 2nd. ed.,
260 ## - PUBLICATION, DISTRIBUTION, ETC. (IMPRINT)
Place of publication, distribution, etc New Delhi,
Name of publisher, distributor, etc McGraw Hill Education (India) Private Limited,
Date of publication, distribution, etc 2015,
300 ## - PHYSICAL DESCRIPTION
Extent 431 p.
650 ## - SUBJECT ADDED ENTRY--TOPICAL TERM
Topical term or geographic name as entry element Commerce
942 ## - ADDED ENTRY ELEMENTS (KOHA)
Source of classification or shelving scheme Dewey Decimal Classification
Koha item type Text Books
Holdings
Withdrawn status Lost status Source of classification or shelving scheme Damaged status Not for loan Collection code Home library Current library Date acquired Source of acquisition Currency Cost, normal purchase price Bill Number Total Checkouts Full call number Acc. no. / Barcode Date last seen Actual Cost, discounted price Bill Date Koha item type
    Dewey Decimal Classification     B.Com. Hons PIET NCR College Library PIET NCR College Library 27/07/2024 Zafaa Books & Distributers In Rupees 1199.00 ZBD0114   658.1 GUM N3724 05/08/2024 815.32 27/07/2024 Reference Books
    Dewey Decimal Classification     B.Com. Hons PIET NCR College Library PIET NCR College Library 27/07/2024 Zafaa Books & Distributers In Rupees 1199.00 ZBD0114   658.1 GUM N3725 05/08/2024 815.32 27/07/2024 Text Books
    Dewey Decimal Classification     B.Com. Hons PIET NCR College Library PIET NCR College Library 12/08/2024 Zafaa Books & Distributers In Rupees 1199.00 ZBD0135   658.1 GUM N3736 16/08/2024 815.32 12/08/2024 Text Books

Design & Developed by: PIET Central Library
R70 Miles Stone Pattikalyana Samalkha Panipat 132102
mail ID :- [email protected], Phone No:- 0180-2569700 Ex.216